[Event "Chigorin Memorial 2018"]
[Site "St. Petersburg"]
[Date "2018.10.28"]
[Round "2.60"]
[White "Anikonov, Dmitry"]
[Black "Ivanov, Sergei V."]
[Result "1-0"]
[WhiteElo "2382"]
[BlackElo "2055"]
[PlyCount "83"]
[EventDate "2018.10.27"]
[EventType "swiss"]
[EventCountry "RUS"]
[WhiteTeam "Russland"]
[BlackTeam "Russland"]
[WhiteTeamCountry "RUS"]
[BlackTeamCountry "RUS"]

1. d4 d5 2. c4 c6 3. Nf3 Nf6 4. g3 dxc4 5. Bg2 b5 6. Ne5 Bb7 7. a4 a6 8. O-O e6 9. b3 cxb3 10. Bb2 Be7 11. Qxb3 O-O 12. Rc1 Nd5 13. Nd2 f6 14. Nd3 Nd7 15. e4 Nc7 16. Bh3 Kh8 17. Bxe6 Nxe6 18. Qxe6 Re8 19. Qb3 Rb8 20. axb5 cxb5 21. d5 Qb6 22. Nf4 Bc5 23. Rf1 Bd4 24. Ne6 Bxb2 25. Qxb2 Ne5 26. Ra3 b4 27. Re3 a5 28. Nd4 Ba6 29. Ra1 Nd3 30. Rxd3 Bxd3 31. Nc6 Ra8 32. e5 fxe5 33. Nxe5 Bf5 34. d6 Be6 35. Ne4 Ra7 36. Rd1 Rd8 37. Qe2 Bf5 38. Ng5 Rf8 39. d7 Raa8 40. Nef7+ Kg8 41. Qc4 Be6 42. Nxe6 1-0

[Event "Chigorin Memorial 2018"]
[Site "St. Petersburg"]
[Date "2018.10.28"]
[Round "2.61"]
[White "Nesterov, Arseniy"]
[Black "Rubtsov, Aleksandr"]
[Result "1-0"]
[WhiteElo "2378"]
[BlackElo "1900"]
[PlyCount "63"]
[EventDate "2018.10.27"]
[EventType "swiss"]
[EventCountry "RUS"]
[WhiteTeam "Russland"]
[BlackTeam "Russland"]
[WhiteTeamCountry "RUS"]
[BlackTeamCountry "RUS"]

1. d4 d5 2. c4 c6 3. Nf3 Nf6 4. Nc3 e6 5. g3 Nbd7 6. Bg2 dxc4 7. O-O b5 8. e4 Bb7 9. e5 Nd5 10. Ng5 Be7 11. Qh5 g6 12. Qh6 Bf8 13. Qh3 Nxc3 14. bxc3 Be7 15. Ne4 Nb6 16. Bh6 Rg8 17. f4 Nd5 18. Bg5 Qb6 19. Qxh7 Rf8 20. Bxe7 Kxe7 21. Qh4+ Kd7 22. Nc5+ Kc7 23. Bxd5 Rfe8 24. Qf6 Rad8 25. Qxf7+ Kb8 26. Bxe6 Bc8 27. Bxc8 Kxc8 28. e6 Rh8 29. e7 Rde8 30. Qe6+ Kc7 31. Qd7+ Kb8 32. Qxe8+ 1-0

[Event "Chigorin Memorial 2018"]
[Site "St. Petersburg"]
[Date "2018.10.28"]
[Round "2.62"]
[White "Manin, Viktor"]
[Black "Brikov, Illarion"]
[Result "1-0"]
[WhiteElo "2100"]
[BlackElo "2371"]
[PlyCount "105"]
[EventDate "2018.10.27"]
[EventType "swiss"]
[EventCountry "RUS"]
[WhiteTeam "Usbekistan"]
[BlackTeam "Russland"]
[WhiteTeamCountry "UZB"]
[BlackTeamCountry "RUS"]

1. d4 d5 2. Nf3 Nc6 3. g3 Bf5 4. Bg2 e6 5. b3 Nb4 6. Na3 Be7 7. O-O Nf6 8. c3 Na6 9. Nc2 O-O 10. Ne3 Be4 11. Bb2 c6 12. c4 b5 13. Ne5 Qd6 14. f3 Bg6 15. c5 Qc7 16. Qd2 Nd7 17. Nxg6 hxg6 18. a4 b4 19. f4 f5 20. h4 Nf6 21. Qd3 Nb8 22. a5 Nbd7 23. Nc2 Rab8 24. Bc1 Rb5 25. a6 Kf7 26. Rd1 Nh5 27. Bd2 Rfb8 28. Be1 Nhf6 29. Kf1 Ng4 30. e3 Ngf6 31. Qe2 Ne4 32. Bxe4 dxe4 33. Ra4 Nf6 34. Nxb4 Bf8 35. Rb1 Be7 36. Kg2 Qd7 37. Qc4 Ng4 38. Nc2 Rh8 39. Rb4 Rxb4 40. Qxb4 g5 41. Qb7 Qxb7 42. axb7 gxh4 43. gxh4 Rb8 44. b4 Rxb7 45. Ra1 Ke8 46. Kf1 Bd8 47. Ke2 Nf6 48. Ra6 Kd7 49. Na3 Nd5 50. b5 Ne7 51. Nc4 Rxb5 52. Rxa7+ Kc8 53. Nd6+ 1-0

[Event "Chigorin Memorial 2018"]
[Site "St. Petersburg"]
[Date "2018.10.28"]
[Round "2.63"]
[White "Schekachikhin, Maksim"]
[Black "Dmitriev, Leonid"]
[Result "1-0"]
[WhiteElo "2370"]
[BlackElo "1818"]
[PlyCount "159"]
[EventDate "2018.10.27"]
[EventType "swiss"]
[EventCountry "RUS"]
[WhiteTeam "Russland"]
[BlackTeam "Russland"]
[WhiteTeamCountry "RUS"]
[BlackTeamCountry "RUS"]

1. d4 d5 2. c4 e6 3. Nc3 Nf6 4. cxd5 exd5 5. Bg5 Nbd7 6. e3 Be7 7. Bd3 b6 8. Nf3 Bb7 9. O-O O-O 10. Rc1 Ne4 11. Bxe7 Qxe7 12. Qa4 c5 13. Ba6 Ndf6 14. Bxb7 Qxb7 15. Ne5 Rac8 16. Nxe4 Nxe4 17. dxc5 bxc5 18. Rc2 c4 19. Rd1 Rfe8 20. Nf3 Nc5 21. Qa3 Nd3 22. b3 h6 23. Nd4 Qb6 24. h3 a5 25. bxc4 dxc4 26. Nf5 Rc5 27. Ng3 Rec8 28. Qc3 Qb4 29. Ne4 Qxc3 30. Rxc3 R5c6 31. Rb1 f5 32. Nd2 Nb4 33. a3 Nd5 34. Rc2 c3 35. Nf3 Rb6 36. Rxb6 Nxb6 37. Nd4 g6 38. f3 Kf8 39. Kf2 Ke7 40. Ke2 Na4 41. Kd3 Nb2+ 42. Ke2 Na4 43. Rc1 Kd6 44. Nb5+ Kd5 45. Kd3 Nb2+ 46. Kc2 Nc4 47. Nxc3+ Ke5 48. Kd3 Nxa3 49. Ra1 Rd8+ 50. Ke2 Nc4 51. Ra4 Rc8 52. Nb5 Kd5 53. Na3 Nxa3 54. Rxa5+ Rc5 55. Rxa3 Rc2+ 56. Kf1 Rc6 57. Rd3+ Ke5 58. Ke2 Rc2+ 59. Rd2 Rc3 60. Ra2 Rc6 61. g4 Rb6 62. Kf2 Kf6 63. Ra5 Re6 64. Rb5 h5 65. gxf5 gxf5 66. h4 Kg6 67. Rb8 Kg7 68. Rb1 Kf6 69. Rg1 Re8 70. Rg5 Rh8 71. Kg3 Re8 72. Kf4 Rh8 73. Rxf5+ Ke6 74. e4 Rh7 75. Ra5 Rf7+ 76. Ke3 Rh7 77. Ra6+ Kf7 78. Ra7+ Kg6 79. Rxh7 Kxh7 80. e5 1-0

[Event "Chigorin Memorial 2018"]
[Site "St. Petersburg"]
[Date "2018.10.28"]
[Round "2.64"]
[White "Shirshov, Nikolay"]
[Black "Vdovin, Vadim"]
[Result "0-1"]
[WhiteElo "2040"]
[BlackElo "2369"]
[PlyCount "76"]
[EventDate "2018.10.27"]
[EventType "swiss"]
[EventCountry "RUS"]
[WhiteTeam "Russland"]
[BlackTeam "Russland"]
[WhiteTeamCountry "RUS"]
[BlackTeamCountry "RUS"]

1. Nf3 Nf6 2. g3 g6 3. Bg2 Bg7 4. c4 O-O 5. O-O d5 6. cxd5 Nxd5 7. Nc3 Nb6 8. d4 Nc6 9. e3 Re8 10. Nd2 e5 11. d5 Ne7 12. e4 c6 13. Nb3 cxd5 14. exd5 Nf5 15. a4 Nc4 16. Re1 Nfd6 17. Nc5 Qa5 18. N5e4 f5 19. Nxd6 Nxd6 20. Qb3 Bd7 21. Be3 Rac8 22. Bf1 f4 23. Bd2 Nf5 24. Bg2 Nd4 25. Qa2 Qd8 26. Rac1 Bg4 27. Ne4 Ne2+ 28. Rxe2 Rxc1+ 29. Bxc1 Bxe2 30. d6+ Kh8 31. gxf4 Qc8 32. Be3 exf4 33. Bxf4 Rxe4 34. Bxe4 Qg4+ 35. Bg3 Qxe4 36. d7 Qd4 37. Qf7 Qd1+ 38. Kg2 Qf1# 0-1

[Event "Chigorin Memorial 2018"]
[Site "St. Petersburg"]
[Date "2018.10.28"]
[Round "2.65"]
[White "Khodko, Yurii N."]
[Black "Saveliev, Alexei"]
[Result "0-1"]
[WhiteElo "1858"]
[BlackElo "2365"]
[PlyCount "108"]
[EventDate "2018.10.27"]
[EventType "swiss"]
[EventCountry "RUS"]
[WhiteTeam "Russland"]
[BlackTeam "Russland"]
[WhiteTeamCountry "RUS"]
[BlackTeamCountry "RUS"]

1. e4 c5 2. Nf3 a6 3. c3 d5 4. exd5 Qxd5 5. d4 Bg4 6. Be2 e6 7. h3 Bh5 8. Be3 cxd4 9. Qxd4 Nf6 10. O-O Qxd4 11. Nxd4 e5 12. Nf3 Nc6 13. g4 Bg6 14. Nbd2 Nd5 15. Nc4 f6 16. Nb6 Nxe3 17. Nxa8 Nxf1 18. Kxf1 Bf7 19. b4 Bd6 20. Nb6 h5 21. g5 Be6 22. Kg2 h4 23. Bc4 Ke7 24. Rd1 Bxc4 25. Nxc4 Bc7 26. a3 Ke6 27. Nb2 f5 28. Na4 b6 29. c4 e4 30. Nd4+ Nxd4 31. Rxd4 Rh5 32. b5 Rxg5+ 33. Kf1 axb5 34. cxb5 Rg6 35. Nc3 Be5 36. Rc4 Bxc3 37. Rc6+ Kf7 38. Rxc3 Rd6 39. a4 Ke6 40. Rc7 g5 41. Rg7 Kf6 42. Rh7 Rd4 43. Rh6+ Ke5 44. Rxb6 Rxa4 45. Rb8 Rb4 46. b6 Kf4 47. Ke2 Rb2+ 48. Ke1 Kf3 49. b7 f4 50. Rg8 Rxb7 51. Rxg5 Rb1+ 52. Kd2 Kxf2 53. Rg4 e3+ 54. Kd3 f3 0-1

[Event "Chigorin Memorial 2018"]
[Site "St. Petersburg"]
[Date "2018.10.28"]
[Round "2.66"]
[White "Sattarov, Bobir"]
[Black "Chertkov, Maksim"]
[Result "1-0"]
[WhiteElo "2339"]
[BlackElo "1502"]
[PlyCount "105"]
[EventDate "2018.10.27"]
[EventType "swiss"]
[EventCountry "RUS"]
[WhiteTeam "Usbekistan"]
[BlackTeam "Russland"]
[WhiteTeamCountry "UZB"]
[BlackTeamCountry "RUS"]

1. d4 Nf6 2. Nc3 d5 3. Bf4 e6 4. e3 Be7 5. g4 h5 6. g5 Nfd7 7. Nf3 Nb6 8. a3 Nc4 9. Bxc4 dxc4 10. Qe2 b6 11. Qxc4 Bb7 12. e4 Nc6 13. O-O-O O-O 14. d5 exd5 15. Nxd5 Bd6 16. e5 Na5 17. Qc3 Bxe5 18. Qxe5 Re8 19. Qf5 Bc8 20. Qd3 Bb7 21. Nxc7 Qxd3 22. Rxd3 Red8 23. Rhd1 Rxd3 24. Rxd3 Rc8 25. Nd4 f6 26. Nde6 fxg5 27. Be5 Nc6 28. Bc3 Kf7 29. Rd7+ Kg6 30. Rxg7+ Kf5 31. f3 Rxc7 32. Rxc7 Ba8 33. Nd4+ Nxd4 34. Bxd4 Bxf3 35. Rxa7 Ke4 36. Bxb6 g4 37. Rh7 Be2 38. Rxh5 g3 39. Rh4+ Kf3 40. hxg3 Bb5 41. a4 Ba6 42. b4 Ke2 43. b5 Bc8 44. a5 Bf5 45. a6 Be6 46. Re4+ Kf3 47. Rxe6 Kg2 48. a7 Kf1 49. Rf6+ Kg2 50. a8=Q+ Kh3 51. Qh1+ Kxg3 52. Bf2+ Kg4 53. Qh4# 1-0

[Event "Chigorin Memorial 2018"]
[Site "St. Petersburg"]
[Date "2018.10.28"]
[Round "2.68"]
[White "Pankova, Julia"]
[Black "Baltabaev, Temirlan"]
[Result "0-1"]
[WhiteElo "1826"]
[BlackElo "2332"]
[PlyCount "118"]
[EventDate "2018.10.27"]
[EventType "swiss"]
[EventCountry "RUS"]
[WhiteTeam "Russland"]
[BlackTeam "Russland"]
[WhiteTeamCountry "RUS"]
[BlackTeamCountry "RUS"]

1. e4 e5 2. Nf3 Nc6 3. Bb5 a6 4. Ba4 Nf6 5. O-O b5 6. Bb3 Bc5 7. a4 Bb7 8. d3 d6 9. Nc3 b4 10. Nd5 Na5 11. Ba2 Bxd5 12. exd5 O-O 13. d4 exd4 14. Nxd4 Qd7 15. Qd3 Rfe8 16. Bd2 Bxd4 17. Qxd4 Re4 18. Qd3 Nb7 19. Rae1 Nc5 20. Qf3 Qxa4 21. Bb1 Rae8 22. c3 bxc3 23. Bxc3 Rxe1 24. Bxe1 Qd4 25. Bc3 Qxd5 26. Qf4 Nce4 27. Bxf6 Nxf6 28. Qa4 Qb5 29. Qc2 c5 30. Rd1 d5 31. h3 g6 32. Qc3 d4 33. Qf3 Kg7 34. b3 Qe2 35. Qd3 Nd5 36. Qxe2 Rxe2 37. Bd3 Rb2 38. Bxa6 Nc3 39. Ra1 Rb1+ 40. Rxb1 Nxb1 41. Bc4 Kf6 42. f3 Ke5 43. Kf2 f5 44. g3 f4 45. g4 Nd2 46. Bg8 h6 47. Ke2 Nb1 48. h4 Nc3+ 49. Kd3 Nd1 50. Bf7 g5 51. hxg5 hxg5 52. Bg8 Ne3 53. Bf7 Nxg4 54. fxg4 f3 55. Bc4 Kf4 56. Kd2 Kxg4 57. Bf1 Kf4 58. Ke1 g4 59. Bc4 Ke3 0-1

[Event "Chigorin Memorial 2018"]
[Site "St. Petersburg"]
[Date "2018.10.28"]
[Round "2.69"]
[White "Ter-Saakian, Grigorii"]
[Black "Tsydypov, Zhamsaran"]
[Result "0-1"]
[WhiteElo "1982"]
[BlackElo "2530"]
[Annotator "TA"]
[PlyCount "78"]
[EventDate "2018.10.27"]
[EventType "swiss"]
[EventCountry "RUS"]
[WhiteTeam "Russland"]
[BlackTeam "Russland"]
[WhiteTeamCountry "RUS"]
[BlackTeamCountry "RUS"]

1. d4 Nf6 2. c4 e6 3. g3 d5 4. Nf3 Be7 5. Bg2 O-O 6. O-O c6 7. Qc2 b6 8. b3 Bb7 9. Nc3 Na6 10. a3 Rc8 11. e4 c5 12. exd5 exd5 13. Nxd5 Nxd5 14. cxd5 cxd4 15. Qd2 Qxd5 16. Bb2 Rfd8 17. Rad1 Qxb3 18. Nxd4 Bxg2 19. Nxb3 Rxd2 20. Rxd2 Bxf1 21. Kxf1 Nb8 22. Nd4 g6 23. Nb5 a6 24. Nc3 Kf8 25. Nd5 Nd7 26. Kg2 b5 27. Re2 Bd6 28. Re1 Rc2 29. Bc1 Kg7 30. Ne3 Rc6 31. Ng4 h5 32. Bb2+ Kf8 33. Ne3 Nb6 34. Bd4 Bxa3 35. g4 hxg4 36. Nxg4 Nd7 37. Be3 f5 38. Nh6 Be7 39. Bd4 Bf6 0-1

[Event "Chigorin Memorial 2018"]
[Site "St. Petersburg"]
[Date "2018.10.28"]
[Round "2.70"]
[White "Nazarova, Anastasia"]
[Black "Badelka, Olga"]
[Result "0-1"]
[WhiteElo "2055"]
[BlackElo "2394"]
[PlyCount "108"]
[EventDate "2018.10.27"]
[EventType "swiss"]
[EventCountry "RUS"]
[WhiteTeam "Finnland"]
[BlackTeam "Weißrussland"]
[WhiteTeamCountry "FIN"]
[BlackTeamCountry "BLR"]

1. e4 c5 2. Nf3 Nc6 3. d4 cxd4 4. Nxd4 Qb6 5. Nb3 Nf6 6. Nc3 e6 7. Bd3 a6 8. O-O d6 9. a4 Qc7 10. a5 Bd7 11. Be3 Ne5 12. Bb6 Qc8 13. f4 Nxd3 14. Qxd3 Bc6 15. Rae1 Be7 16. Nd4 O-O 17. Rf3 Nd7 18. Nxc6 bxc6 19. Bd4 Qc7 20. e5 dxe5 21. Bxe5 Nxe5 22. fxe5 Qxa5 23. Kh1 Rad8 24. Qe4 Qb6 25. b3 Qb4 26. Qe2 a5 27. Ref1 h6 28. Rg3 f5 29. exf6 Rxf6 30. Re1 Rdf8 31. h3 Bd6 32. Rd3 Bb8 33. Red1 Kh8 34. g3 Rf2 35. Qe4 Qc5 36. Qe3 Qf5 37. g4 Rf1+ 38. Rxf1 Qxf1+ 39. Qg1 Qf4 40. Qg2 Be5 41. Qe2 Qf1+ 42. Qxf1 Rxf1+ 43. Kg2 Rc1 44. Na4 Rxc2+ 45. Kf1 Bf4 46. Nb6 e5 47. Nc4 a4 48. Na3 Rc1+ 49. Ke2 axb3 50. Rxb3 Kh7 51. Nb1 c5 52. Nc3 c4 53. Ra3 Rc2+ 54. Kf1 Bc1 0-1

[Event "Chigorin Memorial 2018"]
[Site "St. Petersburg"]
[Date "2018.10.28"]
[Round "2.71"]
[White "Pavlov, Mikhail"]
[Black "Salemgareev, Tagir"]
[Result "0-1"]
[WhiteElo "1894"]
[BlackElo "2381"]
[PlyCount "62"]
[EventDate "2018.10.27"]
[EventType "swiss"]
[EventCountry "RUS"]
[WhiteTeam "Russland"]
[BlackTeam "Russland"]
[WhiteTeamCountry "RUS"]
[BlackTeamCountry "RUS"]

1. e4 c5 2. Nf3 d6 3. d4 cxd4 4. Nxd4 Nf6 5. Nc3 a6 6. Be2 e5 7. Nb3 Be7 8. O-O O-O 9. f4 b5 10. Bf3 Nbd7 11. Kh1 Qc7 12. g4 b4 13. Ne2 Bb7 14. Ng3 exf4 15. Bxf4 Ne5 16. g5 Nfd7 17. Bg2 Rfe8 18. Rc1 g6 19. c3 bxc3 20. Rxc3 Qd8 21. Qd2 Bf8 22. Rfc1 Nc5 23. Nxc5 dxc5 24. Qc2 Qe7 25. b4 c4 26. Bxe5 Qxe5 27. Rxc4 Qxg5 28. Rc7 Rac8 29. Qf2 Qxc1+ 30. Rxc1 Rxc1+ 31. Nf1 Rxe4 0-1

[Event "Chigorin Memorial 2018"]
[Site "St. Petersburg"]
[Date "2018.10.28"]
[Round "2.72"]
[White "Makarian, Rudik"]
[Black "Saveljev, Ivan"]
[Result "1-0"]
[WhiteElo "2366"]
[BlackElo "1841"]
[PlyCount "89"]
[EventDate "2018.10.27"]
[EventType "swiss"]
[EventCountry "RUS"]
[WhiteTeam "Russland"]
[BlackTeam "Russland"]
[WhiteTeamCountry "RUS"]
[BlackTeamCountry "RUS"]

1. e4 e5 2. Bc4 Nf6 3. d3 Bc5 4. Nc3 c6 5. Bb3 d6 6. Nf3 O-O 7. O-O Bg4 8. h3 Bh5 9. g4 Bg6 10. Ne2 Qd7 11. Ng3 h5 12. Nh4 Bh7 13. Bg5 Ne8 14. Nxh5 d5 15. Qf3 dxe4 16. dxe4 Nd6 17. Nf5 Nxf5 18. gxf5 Kh8 19. Nf6 Qd6 20. Rad1 Bd4 21. Nxh7 Kxh7 22. c3 c5 23. cxd4 cxd4 24. Qh5+ Kg8 25. f6 Nd7 26. Qg6 Nxf6 27. Bxf6 Qxf6 28. Qxf6 gxf6 29. Rc1 Rac8 30. Bd5 b6 31. Bb7 Rxc1 32. Rxc1 Rb8 33. Rc8+ Rxc8 34. Bxc8 Kg7 35. Kg2 Kg6 36. Kg3 Kh5 37. Ba6 Kg5 38. h4+ Kg6 39. Kg4 Kh6 40. Be2 Kg6 41. h5+ Kh6 42. Kf5 Kg7 43. a4 a5 44. f3 Kg8 45. Kxf6 1-0

[Event "Chigorin Memorial 2018"]
[Site "St. Petersburg"]
[Date "2018.10.28"]
[Round "2.73"]
[White "Tskhadadze, Anna"]
[Black "Naboka, Sergey"]
[Result "1/2-1/2"]
[WhiteElo "1952"]
[BlackElo "2345"]
[PlyCount "74"]
[EventDate "2018.10.27"]
[EventType "swiss"]
[EventCountry "RUS"]
[WhiteTeam "Russland"]
[BlackTeam "Ukraine"]
[WhiteTeamCountry "RUS"]
[BlackTeamCountry "UKR"]

1. d4 f5 2. Bf4 Nf6 3. Nf3 d6 4. e3 e6 5. h3 g6 6. Be2 Bg7 7. O-O O-O 8. c4 Qe7 9. Nc3 a6 10. b4 Nbd7 11. Bh2 b6 12. Qb3 Kh8 13. Rac1 Rb8 14. a3 Bb7 15. Rfd1 h6 16. c5 bxc5 17. dxc5 Nxc5 18. bxc5 Bxf3 19. cxd6 cxd6 20. Qa4 Bxe2 21. Nxe2 Ne4 22. f3 Nc5 23. Rxc5 dxc5 24. Bxb8 Rxb8 25. Nf4 Qg5 26. h4 Qg3 27. Nxe6 Rb2 28. Qe8+ Kh7 29. Nf8+ Bxf8 30. Rd7+ Bg7 31. Rxg7+ Kxg7 32. Qe7+ Kg8 33. Qe8+ Kg7 34. Qe7+ Kg8 35. Qe8+ Kg7 36. Qe7+ Kg8 37. Qe8+ Kg7 1/2-1/2

[Event "Chigorin Memorial 2018"]
[Site "St. Petersburg"]
[Date "2018.10.28"]
[Round "2.74"]
[White "Vorobyova, Ekaterina"]
[Black "Karasev, Vladimir I"]
[Result "1-0"]
[WhiteElo "1874"]
[BlackElo "2338"]
[PlyCount "115"]
[EventDate "2018.10.27"]
[EventType "swiss"]
[EventCountry "RUS"]
[WhiteTeam "Russland"]
[BlackTeam "Russland"]
[WhiteTeamCountry "RUS"]
[BlackTeamCountry "RUS"]

1. e4 g6 2. Nc3 Bg7 3. g3 e5 4. Bg2 d6 5. Nge2 h5 6. d3 h4 7. gxh4 Qxh4 8. Be3 Nf6 9. Qd2 Ng4 10. Ng3 Nxe3 11. fxe3 c6 12. O-O-O Be6 13. Kb1 Nd7 14. d4 Nb6 15. d5 cxd5 16. exd5 Bg4 17. Rde1 O-O 18. Nb5 Qe7 19. Qb4 Bd7 20. h4 Bxb5 21. Qxb5 Rac8 22. h5 Qg5 23. Rh3 Nc4 24. hxg6 e4 25. Qd7 Qxg6 26. Nf5 Rce8 27. Rg3 Qxg3 28. Nxg3 Re5 29. Nf5 Bf6 30. Rh1 Bg5 31. Nh6+ Kg7 32. Qh3 Nxe3 33. Ng4 Nxg4 34. Qxg4 e3 35. Be4 Kf6 36. Rf1+ Ke7 37. Rf5 Rxf5 38. Bxf5 Kf6 39. Bd3 Rg8 40. Qf5+ Ke7 41. Bb5 Kf8 42. Qd7 Bf4 43. Qc8+ Kg7 44. Qg4+ Kf8 45. Qxf4 Rg1+ 46. Qf1 Rxf1+ 47. Bxf1 f5 48. c3 f4 49. Be2 Ke7 50. Kc2 Kf6 51. Kd3 Ke5 52. c4 b5 53. Bf3 b4 54. a3 bxa3 55. bxa3 a6 56. a4 a5 57. Be2 Kf6 58. Ke4 1-0

[Event "Chigorin Memorial 2018"]
[Site "St. Petersburg"]
[Date "2018.10.28"]
[Round "2.75"]
[White "Shmoilov, Dmitry"]
[Black "Fraiman, Dmitry"]
[Result "1-0"]
[WhiteElo "1887"]
[BlackElo "2323"]
[PlyCount "76"]
[EventDate "2018.10.27"]
[EventType "swiss"]
[EventCountry "RUS"]
[WhiteTeam "Russland"]
[BlackTeam "Russland"]
[WhiteTeamCountry "RUS"]
[BlackTeamCountry "RUS"]

1. d4 Nf6 2. c4 g6 3. Nc3 Bg7 4. e4 d6 5. Be2 O-O 6. Bg5 Na6 7. f4 c6 8. Qd2 Nc7 9. Bf3 Ne6 10. Bh4 Nd7 11. Nge2 c5 12. Nd5 Re8 13. e5 Nb6 14. Rc1 g5 15. Bxg5 Nxg5 16. fxg5 Nxd5 17. cxd5 cxd4 18. e6 fxe6 19. Rxc8 Rxc8 20. Bg4 Qb6 21. Bxe6+ Kh8 22. Qd3 Rf8 23. Bxc8 Qb4+ 24. Qd2 Qxd2+ 25. Kxd2 Rxc8 26. Nf4 Rc5 27. Re1 Be5 28. g3 Kg8 29. g6 Bxf4+ 30. gxf4 hxg6 31. Rxe7 b5 32. Rxa7 Rxd5 33. Kd3 Rh5 34. Rb7 Rxh2 35. Rxb5 Rf2 36. a4 Rxf4 37. a5 Rf7 38. a6 Ra7 1-0

[Event "Chigorin Memorial 2018"]
[Site "St. Petersburg"]
[Date "2018.10.28"]
[Round "2.76"]
[White "Kurchenko, Egor"]
[Black "Gogin, Maksim"]
[Result "0-1"]
[WhiteElo "1710"]
[BlackElo "2310"]
[PlyCount "64"]
[EventDate "2018.10.27"]
[EventType "swiss"]
[EventCountry "RUS"]
[WhiteTeam "Russland"]
[BlackTeam "Russland"]
[WhiteTeamCountry "RUS"]
[BlackTeamCountry "RUS"]

1. e4 c5 2. Nf3 e6 3. d4 cxd4 4. Nxd4 a6 5. Nc3 b5 6. Bd3 Qb6 7. Nf3 Qc7 8. O-O Bb7 9. Bg5 Nf6 10. Re1 Bc5 11. e5 Ng4 12. Bh4 f5 13. h3 Nh6 14. Ng5 O-O 15. Be2 Qxe5 16. Bxb5 Qf4 17. Bxd7 Qxh4 18. Bxe6+ Kh8 19. Qd2 Bxf2+ 20. Qxf2 Qxg5 21. Nd5 Nc6 22. Nb6 Nd4 23. Bd5 Bxd5 24. Nxd5 f4 25. Nc7 Rac8 26. Qxd4 f3 27. Qf2 Rxc7 28. g4 Nxg4 29. hxg4 Qxg4+ 30. Kh1 Rc6 31. Re2 Rh6+ 32. Qh2 fxe2 0-1

[Event "Chigorin Memorial 2018"]
[Site "St. Petersburg"]
[Date "2018.10.28"]
[Round "2.77"]
[White "Oglaza, Oskar"]
[Black "Kundianok, Vladislav"]
[Result "1-0"]
[WhiteElo "2310"]
[BlackElo "1918"]
[PlyCount "93"]
[EventDate "2018.10.27"]
[EventType "swiss"]
[EventCountry "RUS"]
[WhiteTeam "Polen"]
[BlackTeam "Russland"]
[WhiteTeamCountry "POL"]
[BlackTeamCountry "RUS"]

1. e4 c5 2. Nc3 e6 3. Nf3 d5 4. exd5 exd5 5. Bb5+ Nc6 6. d4 Nf6 7. O-O Be7 8. h3 c4 9. b3 cxb3 10. axb3 O-O 11. Bf4 Be6 12. Na4 Nd7 13. c3 a6 14. Bxc6 bxc6 15. Nb2 Qb6 16. Nd3 Ra7 17. Qd2 Nf6 18. Rfc1 Ne4 19. Qd1 Rb7 20. b4 Ra8 21. Ra5 Bd8 22. Nd2 Qa7 23. Ra3 Be7 24. Rca1 Nxd2 25. Qxd2 Qb6 26. Qe2 Rba7 27. Ra5 Qb7 28. Be5 Bf5 29. Nc1 Bd8 30. Bb8 Qe7 31. Bxa7 Qxe2 32. Nxe2 Bxa5 33. Rxa5 Rxa7 34. Nc1 Kf8 35. Nb3 Bd3 36. Nc5 Bb5 37. f4 Ke7 38. Kf2 Kd6 39. Kf3 Kc7 40. Ra1 Bc4 41. Re1 Kd8 42. f5 Bb5 43. Kf4 a5 44. bxa5 h6 45. g4 Bc4 46. f6 gxf6 47. Kf5 1-0

[Event "Chigorin Memorial 2018"]
[Site "St. Petersburg"]
[Date "2018.10.28"]
[Round "2.78"]
[White "Korennoi, Viktor"]
[Black "Shakirov, Marat"]
[Result "1-0"]
[WhiteElo "2306"]
[BlackElo "1821"]
[PlyCount "47"]
[EventDate "2018.10.27"]
[EventType "swiss"]
[EventCountry "RUS"]
[WhiteTeam "Russland"]
[BlackTeam "Russland"]
[WhiteTeamCountry "RUS"]
[BlackTeamCountry "RUS"]

1. d4 Nf6 2. c4 e6 3. Nc3 Bb4 4. Qc2 O-O 5. Nf3 c5 6. dxc5 Na6 7. g3 Nxc5 8. Bg2 Nce4 9. O-O Nxc3 10. bxc3 Be7 11. e4 d6 12. Re1 e5 13. c5 dxc5 14. Nxe5 Be6 15. c4 Qc7 16. Nd3 Rad8 17. Bb2 Nd7 18. Qc3 f6 19. Nf4 Bf7 20. Nd5 Qd6 21. f4 Rfe8 22. e5 fxe5 23. fxe5 Qh6 24. e6 1-0

[Event "Chigorin Memorial 2018"]
[Site "St. Petersburg"]
[Date "2018.10.28"]
[Round "2.79"]
[White "Khakimov, Timur"]
[Black "Shkuratov, Vladimir"]
[Result "0-1"]
[WhiteElo "2288"]
[BlackElo "1833"]
[PlyCount "48"]
[EventDate "2018.10.27"]
[EventType "swiss"]
[EventCountry "RUS"]
[WhiteTeam "Russland"]
[BlackTeam "Russland"]
[WhiteTeamCountry "RUS"]
[BlackTeamCountry "RUS"]

1. e4 c5 2. Nf3 d6 3. d4 cxd4 4. Nxd4 Nf6 5. Nc3 e6 6. h3 Nc6 7. g4 a6 8. Bg2 Qc7 9. g5 Nd7 10. Be3 Be7 11. h4 O-O 12. Qe2 Nxd4 13. Bxd4 b5 14. g6 Ne5 15. gxh7+ Kh8 16. f4 b4 17. Na4 Nc4 18. b3 Bd7 19. Nb2 Na3 20. c4 bxc3 21. Rc1 Nb5 22. Bxc3 Nxc3 23. Qd2 Rac8 24. Rh3 Qb6 0-1

[Event "Chigorin Memorial 2018"]
[Site "St. Petersburg"]
[Date "2018.10.28"]
[Round "2.80"]
[White "Semenova, Elena"]
[Black "Chagina, Ulyana"]
[Result "1-0"]
[WhiteElo "2263"]
[BlackElo "1727"]
[PlyCount "37"]
[EventDate "2018.10.27"]
[EventType "swiss"]
[EventCountry "RUS"]
[WhiteTeam "Russland"]
[BlackTeam "Russland"]
[WhiteTeamCountry "RUS"]
[BlackTeamCountry "RUS"]

1. e4 e6 2. d4 d5 3. e5 c5 4. c3 Nc6 5. Nf3 Nge7 6. Na3 cxd4 7. cxd4 Nf5 8. Nc2 Qb6 9. Bd3 Bb4+ 10. Kf1 Be7 11. g4 Nh4 12. Nxh4 Bxh4 13. Kg2 f6 14. g5 Bxg5 15. Qh5+ Kf8 16. f4 Bh6 17. exf6 Qc7 18. b3 Bd7 19. Ba3+ 1-0

[Event "Chigorin Memorial 2018"]
[Site "St. Petersburg"]
[Date "2018.10.28"]
[Round "2.81"]
[White "Erdenieva, Oyuna"]
[Black "Trifonov, Vladislav"]
[Result "1-0"]
[WhiteElo "2251"]
[BlackElo "1749"]
[PlyCount "69"]
[EventDate "2018.10.27"]
[EventType "swiss"]
[EventCountry "RUS"]
[WhiteTeam "Russland"]
[BlackTeam "Russland"]
[WhiteTeamCountry "RUS"]
[BlackTeamCountry "RUS"]

1. c4 c5 2. Nc3 Nf6 3. Nf3 e6 4. g3 b6 5. Bg2 Bb7 6. O-O Be7 7. d3 O-O 8. e4 d5 9. e5 Nfd7 10. cxd5 exd5 11. d4 cxd4 12. Qxd4 Re8 13. Rd1 Bc5 14. Qf4 f6 15. Nxd5 fxe5 16. Qc4 Kh8 17. b4 Nf6 18. Nc3 Bd4 19. Nxd4 Bxg2 20. Nde2 Qxd1+ 21. Nxd1 Bd5 22. Qb5 Nbd7 23. Ndc3 a6 24. Qd3 Bc6 25. Bg5 e4 26. Qd6 Rac8 27. Nd4 Ba8 28. Na4 b5 29. Nb6 Nxb6 30. Qxb6 Nd5 31. Qxa6 Nxb4 32. Qxb5 Rb8 33. Qd7 Bd5 34. a3 Ra8 35. Rb1 1-0

[Event "Chigorin Memorial 2018"]
[Site "St. Petersburg"]
[Date "2018.10.28"]
[Round "2.82"]
[White "Petrov, Maksim"]
[Black "Emeljanov, Alexander"]
[Result "0-1"]
[WhiteElo "1589"]
[BlackElo "2244"]
[PlyCount "120"]
[EventDate "2018.10.27"]
[EventType "swiss"]
[EventCountry "RUS"]
[WhiteTeam "Russland"]
[BlackTeam "Russland"]
[WhiteTeamCountry "RUS"]
[BlackTeamCountry "RUS"]

1. d4 g6 2. c4 Bg7 3. Nc3 c5 4. e3 Nf6 5. Nf3 O-O 6. Be2 d5 7. O-O cxd4 8. exd4 Nc6 9. h3 dxc4 10. Bxc4 Na5 11. Bd3 Be6 12. Re1 Bd5 13. Be3 Nc6 14. Be2 Rc8 15. Rc1 e6 16. Ne5 Ne7 17. Bf3 Bxf3 18. Qxf3 Nfd5 19. Nxd5 Nxd5 20. Rxc8 Qxc8 21. Rc1 Qd8 22. Bd2 Qh4 23. Be3 Qe7 24. Bd2 Qh4 25. Be3 Nxe3 26. fxe3 Bxe5 27. dxe5 Qb4 28. Rc2 Qa5 29. a3 Qxe5 30. Rc3 Rd8 31. Qxb7 Rd1+ 32. Kf2 Qf5+ 33. Qf3 Rd2+ 34. Kg3 Qe5+ 35. Qf4 Qxf4+ 36. Kxf4 Rxb2 37. g4 Rb5 38. g5 Rf5+ 39. Kg4 Kg7 40. e4 Ra5 41. h4 h5+ 42. Kf4 e5+ 43. Kf3 Ra4 44. Rb3 f5 45. gxf6+ Kxf6 46. Rc3 Kg7 47. Rc7+ Kh6 48. Rc3 Ra6 49. Kg3 g5 50. hxg5+ Kxg5 51. Rf3 Rf6 52. Rb3 h4+ 53. Kg2 Kg4 54. Rb7 Ra6 55. Rb3 Kf4 56. Kh3 Rg6 57. Rb7 Rg3+ 58. Kxh4 Rxa3 59. Rb4 a5 60. Rc4 Ra1 0-1